000 00425nam a2200169Ia 4500
008 230524s9999 xx 000 0 und d
082 _a658.45
_bTRI
100 _aDwijendra Tripathi
245 4 _aThe Concise Oxford History of Indian Business
250 _a4TH
260 _aNEW DELHI
_bOxford
_c2010
300 _a265
500 _aQuantity Number: 2
650 _aManagement
700 _a Jyoti Jumani
942 _cBK
999 _c49245
_d49245